000 00534nam a2200181Ia 4500
005 20250317124704.0
008 008 250317s9999 xx 000 0 eng d
037 _aTextbook
040 _aFMSL
_beng
_cFMSL
041 _aeng
_2eng
084 _aX:8E N5
_qFMSL
100 _aChandra C
_9742781
245 0 _aProjects planning analysis selection implementation & review
260 _aNew Delhi
_bNew Delhi, Tata McGraw Hill
_c1995
300 _a643p
942 _cTB
_hX:8E N5
999 _c1256546
_d1256546